Дело Департамента народного просвещения о доставлении к господину министру финансов сметы расходов на 1822 год

Доступно только в Электронных читальных залах Найти на картеНа карте
RUSMARC
00003659nmc2a22002413x 450
001e094e793-1357-4ff2-ae15-2d52ac408b7c
00520251117142111.0
100##$a20250710l18211822k l0rusy0189 ca
1010#$arus
102##$aRU
105##$ay###
1222#$ad
2001#$aДело Департамента народного просвещения о доставлении к господину министру финансов сметы расходов на 1822 год
$j13 мая 1821 г. - 14 июля 1822 г.
215##$a166 л.
$d36,5х26 см
251##$cДело
300##$aДело
371##$aДокумент не является опубликованным и широко распространяемым
461#0$1001a74412a3-3cc5-4d21-8f0a-dfe2fbd9e72d
$12001
$aДепартамент народного просвещения Министерства народного просвещения (1803-1917)
$1251
$cФонд
$1852
$j733
462#0$1001ccc93d8c-a161-4593-b7db-1a3e4c2bc189
$12001
$aДела счетного отделения Департамента народного просвещения за 1819-1838 годы
$1251
$cОпись
$1852
$j111
801#0$aRU
$bРГИА
$c20250710
$gRCR
801#1$aRU
$bГлавНИВЦ
$c20250710
$2rusmarc
801#2$aRU
$bПБ им. Б.Н. Ельцина
$c20251117
$gRCR
$2rusmarc
850##$aРГИА
852##$aРГИА
$eФедеральное казенное учреждение "Российский государственный исторический архив" (РГИА)
$j104
937##$hРГИА
$d12093172
$aASBIBLIO_SCAN
035##$aRusGRCC00087240
856##$uhttp://readingroom.main.prlib.ru/item.aspx?id_node=n199021131&mode=full
Формат отображения